Southville International School and Colleges
Your cart is empty.
  • Cart
  • Lists
    Public lists Eva Luna New books Lux_list list_1
    Your lists Log in to create your own lists
  • Log in to your account
  • Your cookies
  • Search history
Southville International School and Colleges
  • Advanced search
  • Recent comments
  • Most popular
  • Libraries

Log in to your account

Log in with GOOGLE


If you do not have an external account, but do have a local account, you can still log in:

  1. Home
  2. MARC view: Biochemistry
Normal view MARC view ISBD view

Biochemistry (Record no. 35453)

[ view plain ]
MARC details
000 -LEADER
fixed length control field 00491nam a22001697a 4500
003 - CONTROL NUMBER IDENTIFIER
control field OSt
005 - DATE AND TIME OF LATEST TRANSACTION
control field 20140311130134.0
008 - FIXED-LENGTH DATA ELEMENTS--GENERAL INFORMATION
fixed length control field 130525t xxu||||| |||| 00| 0 eng d
020 ## - INTERNATIONAL STANDARD BOOK NUMBER
International Standard Book Number 9814096717
050 ## - LIBRARY OF CONGRESS CALL NUMBER
Classification number QP 514.2
Item number .M429 2001
082 ## - DEWEY DECIMAL CLASSIFICATION NUMBER
Classification number M 574.19
Item number M42 2001
245 ## - TITLE STATEMENT
Title Biochemistry
Statement of responsibility, etc Mathews, Christopher K.; van Holde, K. E.; Ahern, Kevin G.
260 ## - PUBLICATION, DISTRIBUTION, ETC. (IMPRINT)
Place of publication, distribution, etc Singapore
Name of publisher, distributor, etc Pearson Education Asia Pte Ltd
Date of publication, distribution, etc 2001
300 ## - PHYSICAL DESCRIPTION
Extent 1186 p. :
Other physical details ill.
Dimensions 27 cm.
942 ## - ADDED ENTRY ELEMENTS (KOHA)
Source of classification or shelving scheme Library of Congress Classification
Koha item type Books

No items available.

Biochemistry

APA

(2001). Biochemistry. Singapore: Pearson Education Asia Pte Ltd.

Chicago

2001. Biochemistry. Singapore: Pearson Education Asia Pte Ltd.

Harvard

(2001). Biochemistry. Singapore: Pearson Education Asia Pte Ltd.

MLA

Biochemistry. Singapore: Pearson Education Asia Pte Ltd. 2001.

  • Print
  • Cite
  • Add to your cart (remove)
  • Save record
    BIBTEX Dublin Core MARCXML MARC (non-Unicode/MARC-8) MARC (Unicode/UTF-8) MARC (Unicode/UTF-8, Standard) MODS (XML) RIS
  • More searches
    Search for this title in:
    Other Libraries (WorldCat) Other Databases (Google Scholar) Online Stores (Bookfinder.com) Open Library (openlibrary.org)

Exporting to Dublin Core...

SOUTHVILLE LIBRARY

Southville International School and Colleges Library

1281 Tropical Ave. Cor. Luxembourg St., BF Homes International, Las Pinas City

Tel. No. 8256374 / 252358 Loc. 117/146

Powered by Koha